LEADER 02730nam 2200793z- 450 001 9910566485203321 005 20220506 035 $a(CKB)5680000000037527 035 $a(oapen)https://directory.doabooks.org/handle/20.500.12854/80980 035 $a(oapen)doab80980 035 $a(EXLCZ)995680000000037527 100 $a20202205d2022 |y 0 101 0 $aeng 135 $aurmn|---annan 181 $ctxt$2rdacontent 182 $cc$2rdamedia 183 $acr$2rdacarrier 200 00$aTraining Load, Well-Being, and Readiness$eReducing Injury Risk and Improving Sports Performance 210 $aBasel$cMDPI - Multidisciplinary Digital Publishing Institute$d2022 215 $a1 online resource (102 p.) 311 08$a3-0365-3867-4 311 08$a3-0365-3868-2 330 $aThe reprint represents the publication of the seven articles associated with the special issue "Training Load, Well-Being, and Readiness: Reducing Injury Risk and Improving Sports Performance". Within the reprint the readers can found evidence about training load monitoring in soccer, cyclists and regular gym exercises. We hope readers can find interesting the methodological approaches provided. 517 $aTraining Load, Well-Being, and Readiness 606 $aLifestyle, sport & leisure$2bicssc 610 $aabuse 610 $aacute/chronic workload ratio 610 $aanabolic steroids 610 $aankle 610 $aankle plantarflexor 610 $aathletic performance 610 $abiomechanics 610 $ablood flow restriction 610 $ablood flow restriction exercise 610 $acyclist 610 $adynamic muscle contractility 610 $afootball 610 $agait change 610 $agastrocnemius muscle stiffness 610 $aGPS 610 $agym 610 $agym members 610 $aheel strike 610 $ahigh-intensity running 610 $ahigh-speed running 610 $ain-season 610 $aincremental cycling test 610 $ainjury experience 610 $ajump inside kick 610 $amale 610 $amatch analysis 610 $amyometry 610 $anon-starters 610 $aresistance exercise 610 $aRPE 610 $asoccer 610 $asports training 610 $astarters 610 $astatic muscle contractility 610 $astiffness 610 $atraining monotony 610 $atraining strain 615 7$aLifestyle, sport & leisure 700 $aClemente$b Filipe Manuel$4edt$0763549 702 $aClemente$b Filipe Manuel$4oth 906 $aBOOK 912 $a9910566485203321 996 $aTraining Load, Well-Being, and Readiness$93040005 997 $aUNINA LEADER 01060nas 2200397 c 450 001 9910895128603321 005 20260218110608.0 024 7 $a10.11588/diglit.51404 024 7 $aurn:nbn:de:bsz:16-diglit-514047 035 $a(CKB)4100000011300742 035 $a(DE-599)ZDB2919704-1 035 $a(DE-101)1152217372 035 $a(DE-599)2919704-1 035 $a(EXLCZ)994100000011300742 100 $a20180212a18489999 |y | 101 0 $ager 135 $aur||||||||||| 181 $ctxt$2rdacontent 182 $cc$2rdamedia 183 $acr$2rdacarrier 200 00$aMünchener Bilderbogen 210 31$aMu?nchen$cBraun u. Schneider$d1848- 210 21$aMu?nchen$cWolf$danfangs 300 $aReproduktion 517 3 $aBilderbogen digital 608 $aEinblattdruck$2gnd-content 608 $aZeitschrift$2gnd-content 676 $a050 676 $a900 801 0$b0001 801 1$bDE-101 801 2$b9001 906 $aJOURNAL 912 $a9910895128603321 996 $aMu?nchener Bilderbogen$94237176 997 $aUNINA